भारतीय संतों की जीवन गाथा / (Record no. 33386)

MARC details
000 -LEADER
fixed length control field 01205nam a22002537a 4500
005 - DATE AND TIME OF LATEST TRANSACTION
control field 20091219110145.0
008 - FIXED-LENGTH DATA ELEMENTS--GENERAL INFORMATION
fixed length control field 091209t xxu||||| |||| 00| 0 hin d
010 ## - LCCN (DPL NO)
LC control number HIN-88848
020 ## - INTERNATIONAL STANDARD BOOK NUMBER
Terms of availability 250.00
International Standard Book Number 9788190523851
035 ## - SYSTEM CONTROL NUMBER
System control number HN-61194
037 ## - SOURCE OF ACQUISITION
Source of stock number/acquisition DBAD / PUB
040 ## - CATALOGING SOURCE
Original cataloging agency DPL
Language of cataloging HN
082 ## - DEWEY DECIMAL CLASSIFICATION NUMBER
Classification number 230.35
100 ## - MAIN ENTRY--PERSONAL NAME
Personal name भोला, रचना 'यामिनी'
9 (RLIN) 26231
245 ## - TITLE STATEMENT
Title भारतीय संतों की जीवन गाथा /
Statement of responsibility, etc रचना भोला 'यामिनी'
246 ## - VARYING FORM OF TITLE
Title proper/short title Bharatiya Santon Ki Jeewan Gatha/
Remainder of title by Rachana Bhola Yamini
260 ## - PUBLICATION, DISTRIBUTION, ETC. (IMPRINT)
Place of publication, distribution, etc दिल्ली
Name of publisher, distributor, etc पद्मिनी बुक्स
Date of publication, distribution, etc 2009
270 ## - ADDRESS
Address W A,,173, हनुमान मंदिर मार्ग, शकरपुर
City दिल्ली
Postal code 110092
Telephone number 011 65426615
300 ## - PHYSICAL DESCRIPTION
Extent 144पृ
Dimensions 22सेमी (सजिल्द)
650 ## - SUBJECT ADDED ENTRY--TOPICAL TERM
Topical term or geographic name as entry element संत
Geographic subdivision भारत
9 (RLIN) 26232
650 ## - SUBJECT ADDED ENTRY--TOPICAL TERM
Topical term or geographic name as entry element Saint
Geographic subdivision India
9 (RLIN) 26233
942 ## - ADDED ENTRY ELEMENTS (KOHA)
Source of classification or shelving scheme Dewey Decimal Classification
Item type Hindi Books
Classification part 230.35
Call number suffix भोलार
Holdings
Withdrawn status Lost status Source of classification or shelving scheme Damaged status Not for loan Collection code Home library Current library Date acquired Source of acquisition Cost, normal purchase price Total Checkouts Full call number Barcode Date last seen Copy number Cost, replacement price Koha item type
    Dewey Decimal Classification   Not For Loan Non-fiction D.B.Act.Division D.B.Act.Division 29/12/2009 DBAD / PUB 250.00   230.35 भोलार HN-61194 29/12/2009 1 250.00 Hindi Books

© Delhi Public Library
Hit Counter
free hit counter